[Event "II Open Internacional Blitz Quart de Pob"]
[Site "Quart de Poblet, Spain"]
[Date "2019.08.10"]
[Round "4.8"]
[White "Martin Ayala, David"]
[Black "Fernandez Garcia, Leon"]
[Result "1-0"]
[WhiteElo "2058"]
[BlackElo "1644"]
[PlyCount "119"]
[EventDate "2019.??.??"]

1. Nf3 {[%clk 00:07:03]  [%emt 00:15:42]} 1... d5 {
[%clk 00:06:58]  [%emt 00:00:51]} 2. d4 {[%clk 00:07:06]} 2... Nf6 {
[%clk 00:06:56]} 3. Bg5 {[%clk 00:07:06]  [%emt 00:00:07]} 3... e6 {
[%clk 00:06:51]} 4. Nbd2 {[%clk 00:07:06]} 4... Bd6 {[%clk 00:06:45]} 5. e3 {
[%clk 00:06:57]  [%emt 00:00:12]} 5... c6 {[%clk 00:06:37]  [%emt 00:00:08]} 6.
c3 {[%clk 00:06:54]  [%emt 00:00:04]} 6... Nbd7 {
[%clk 00:06:31]  [%emt 00:00:07]} 7. Bd3 {[%clk 00:06:46]  [%emt 00:00:36]}
7... b6 {[%clk 00:06:05]  [%emt 00:00:08]} 8. Qe2 {
[%clk 00:06:29]  [%emt 00:00:16]} 8... Qc7 {[%clk 00:05:53]  [%emt 00:00:31]}
9. Rc1 {[%clk 00:06:14]  [%emt 00:00:06]} 9... b5 {
[%clk 00:05:24]  [%emt 00:00:28]} 10. e4 {[%clk 00:06:05]  [%emt 00:00:22]}
10... dxe4 {[%clk 00:05:08]  [%emt 00:00:09]} 11. Nxe4 {
[%clk 00:06:05]  [%emt 00:00:34]} 11... Bf4 {[%clk 00:04:44]  [%emt 00:00:04]}
12. Bxf4 {[%clk 00:05:35]  [%emt 00:00:31]} 12... Qxf4 {[%clk 00:04:44]} 13.
O-O {[%clk 00:05:30]  [%emt 00:00:09]} 13... O-O {
[%clk 00:04:42]  [%emt 00:00:20]} 14. g3 {[%clk 00:05:14]  [%emt 00:00:04]}
14... Qg4 {[%clk 00:04:10]  [%emt 00:00:32]} 15. c4 {
[%clk 00:03:34]  [%emt 00:01:43]} 15... a6 {[%clk 00:03:36]  [%emt 00:00:37]}
16. c5 {[%clk 00:03:26]  [%emt 00:00:16]} 16... Nxe4 {
[%clk 00:03:20]  [%emt 00:00:15]} 17. Qxe4 {[%clk 00:03:22]  [%emt 00:00:08]}
17... Qxe4 {[%clk 00:03:22]  [%emt 00:00:10]} 18. Bxe4 {[%clk 00:03:23]} 18...
Bb7 {[%clk 00:03:24]} 19. Rfd1 {[%clk 00:03:00]  [%emt 00:00:32]} 19... Nf6 {
[%clk 00:03:24]} 20. Bc2 {[%clk 00:02:48]  [%emt 00:00:16]} 20... Nd5 {
[%clk 00:03:22]} 21. Ne5 {[%clk 00:02:48]} 21... Rad8 {
[%clk 00:03:01]  [%emt 00:00:44]} 22. Bb3 {[%clk 00:02:43]  [%emt 00:00:04]}
22... g6 {[%clk 00:02:35]  [%emt 00:00:16]} 23. a4 {
[%clk 00:02:35]  [%emt 00:00:06]} 23... f6 {[%clk 00:02:28]  [%emt 00:00:11]}
24. Nd3 {[%clk 00:02:33]  [%emt 00:00:03]} 24... Ra8 {[%clk 00:02:30]} 25. Bxd5
{[%clk 00:02:25]  [%emt 00:00:09]} 25... exd5 {[%clk 00:02:26]  [%emt 00:00:15]
} 26. a5 {[%clk 00:02:21]  [%emt 00:00:04]} 26... Rae8 {
[%clk 00:02:19]  [%emt 00:00:08]} 27. Re1 {[%clk 00:02:23]} 27... Kf7 {
[%clk 00:02:20]  [%emt 00:00:10]} 28. Kf1 {[%clk 00:02:15]  [%emt 00:00:08]}
28... Re7 {[%clk 00:02:19]  [%emt 00:00:04]} 29. Rxe7+ {[%clk 00:02:15]} 29...
Kxe7 {[%clk 00:02:21]  [%emt 00:00:03]} 30. Re1+ {[%clk 00:02:17]} 30... Kf7 {
[%clk 00:02:23]} 31. Nf4 {[%clk 00:02:17]  [%emt 00:00:04]} 31... Bc8 {
[%clk 00:02:23]  [%emt 00:00:13]} 32. h4 {[%clk 00:02:05]  [%emt 00:00:03]}
32... Re8 {[%clk 00:02:24]  [%emt 00:00:04]} 33. Rxe8 {
[%clk 00:01:59]  [%emt 00:00:07]} 33... Kxe8 {[%clk 00:02:26]  [%emt 00:00:04]}
34. Ke2 {[%clk 00:01:46]  [%emt 00:01:14]} 34... Kf7 {[%clk 00:02:24]} 35. Ke3
{[%clk 00:01:47]} 35... h6 {[%clk 00:02:21]} 36. f3 {[%clk 00:01:45]} 36... g5
{[%clk 00:02:15]} 37. hxg5 {[%clk 00:01:47]} 37... hxg5 {[%clk 00:02:18]} 38.
Nd3 {[%clk 00:01:41]} 38... Kg6 {[%clk 00:02:14]} 39. g4 {
[%clk 00:01:36]  [%emt 00:00:04]} 39... Bb7 {[%clk 00:02:07]} 40. Kf2 {
[%clk 00:01:35]  [%emt 00:00:03]} 40... Bc8 {[%clk 00:02:09]} 41. Kg3 {
[%clk 00:01:37]} 41... Bb7 {[%clk 00:01:56]  [%emt 00:00:16]} 42. f4 {
[%clk 00:01:39]  [%emt 00:00:03]} 42... Bc8 {[%clk 00:01:49]  [%emt 00:00:05]}
43. fxg5 {[%clk 00:01:39]  [%emt 00:00:36]} 43... Kxg5 {[%clk 00:01:49]} 44.
Nf2 {[%clk 00:01:29]  [%emt 00:00:03]} 44... f5 {
[%clk 00:01:37]  [%emt 00:00:10]} 45. Nh3+ {[%clk 00:01:29]} 45... Kf6 {
[%clk 00:01:38]} 46. g5+ {[%clk 00:01:28]} 46... Kg6 {[%clk 00:01:40]} 47. Kf4
{[%clk 00:01:31]} 47... Bd7 {[%clk 00:01:37]  [%emt 00:00:04]} 48. Ke5 {
[%clk 00:01:32]  [%emt 00:00:04]} 48... f4 {[%clk 00:01:34]  [%emt 00:00:07]}
49. Nxf4+ {[%clk 00:01:33]  [%emt 00:00:03]} 49... Kxg5 {[%clk 00:01:37]} 50.
Ne6+ {[%clk 00:01:31]  [%emt 00:00:04]} 50... Kg4 {
[%clk 00:01:34]  [%emt 00:00:04]} 51. Nc7 {[%clk 00:01:32]  [%emt 00:00:03]}
51... Bc8 {[%clk 00:01:36]} 52. Kd6 {[%clk 00:01:32]  [%emt 00:00:17]} 52...
Bb7 {[%clk 00:01:38]} 53. Ne6 {[%clk 00:01:34]} 53... Kf3 {[%clk 00:01:38]} 54.
Nd8 {[%clk 00:01:36]} 54... Ba8 {[%clk 00:01:39]} 55. Nxc6 {[%clk 00:01:37]}
55... Ke4 {[%clk 00:01:32]  [%emt 00:00:08]} 56. Ne7 {
[%clk 00:01:33]  [%emt 00:00:03]} 56... Kxd4 {[%clk 00:01:31]  [%emt 00:00:04]}
57. c6 {[%clk 00:01:36]} 57... Kc4 {[%clk 00:01:19]  [%emt 00:00:12]} 58. Nxd5
{[%clk 00:01:24]  [%emt 00:00:17]} 58... b4 {[%clk 00:01:13]  [%emt 00:00:39]}
59. Nb6+ {[%clk 00:01:20]} 59... Kb5 {[%clk 00:01:14]} 60. Nxa8 {
[%clk 00:01:18]  [%emt 00:00:07]} 1-0

[Event "II Open Internacional Blitz Quart de Pob"]
[Site "Quart de Poblet, Spain"]
[Date "2019.08.10"]
[Round "4.9"]
[White "Gil Pou, Jose Luis"]
[Black "Cortes Marti, Javier"]
[Result "0-1"]
[WhiteElo "1655"]
[BlackElo "2011"]
[PlyCount "82"]
[EventDate "2019.??.??"]

1. c4 {[%clk 00:07:03]  [%emt 00:14:38]} 1... Nf6 {
[%clk 00:07:01]  [%emt 00:00:19]} 2. Nc3 {[%clk 00:07:02]  [%emt 00:00:04]}
2... e6 {[%clk 00:07:03]  [%emt 00:00:01]} 3. e4 {
[%clk 00:07:01]  [%emt 00:00:04]} 3... d5 {[%clk 00:07:03]  [%emt 00:00:03]} 4.
e5 {[%clk 00:07:02]  [%emt 00:00:02]} 4... Nfd7 {
[%clk 00:07:05]  [%emt 00:00:02]} 5. d4 {[%clk 00:07:03]  [%emt 00:00:02]} 5...
c5 {[%clk 00:07:07]} 6. cxd5 {[%clk 00:06:57]  [%emt 00:00:10]} 6... cxd4 {
[%clk 00:07:08]  [%emt 00:00:02]} 7. Qxd4 {[%clk 00:06:45]  [%emt 00:00:15]}
7... Bc5 {[%clk 00:07:08]  [%emt 00:00:03]} 8. Qd1 {
[%clk 00:06:26]  [%emt 00:00:22]} 8... Nxe5 {[%clk 00:07:03]  [%emt 00:00:09]}
9. Be3 {[%clk 00:05:47]  [%emt 00:00:42]} 9... Bxe3 {
[%clk 00:06:58]  [%emt 00:00:08]} 10. fxe3 {[%clk 00:05:48]  [%emt 00:00:02]}
10... O-O {[%clk 00:06:43]  [%emt 00:00:17]} 11. Nf3 {
[%clk 00:05:50]  [%emt 00:00:01]} 11... Ng6 {[%clk 00:06:35]  [%emt 00:00:12]}
12. Be2 {[%clk 00:05:38]  [%emt 00:00:15]} 12... exd5 {
[%clk 00:06:36]  [%emt 00:00:01]} 13. Qxd5 {[%clk 00:05:28]  [%emt 00:00:13]}
13... Be6 {[%clk 00:06:27]  [%emt 00:00:13]} 14. Qxd8 {
[%clk 00:05:28]  [%emt 00:00:03]} 14... Rxd8 {[%clk 00:06:29]} 15. O-O {
[%clk 00:05:00]  [%emt 00:00:31]} 15... Nc6 {[%emt 00:00:02]} 16. Rad1 {
[%clk 00:04:49]  [%emt 00:00:13]} 16... f6 {[%clk 00:06:29]  [%emt 00:00:05]}
17. Nd4 {[%clk 00:04:34]  [%emt 00:00:18]} 17... Nxd4 {
[%clk 00:05:51]  [%emt 00:00:40]} 18. exd4 {[%clk 00:04:21]  [%emt 00:00:16]}
18... Ne7 {[%clk 00:05:52]  [%emt 00:00:02]} 19. Bf3 {
[%clk 00:04:16]  [%emt 00:00:08]} 19... Rd7 {[%clk 00:05:43]  [%emt 00:00:11]}
20. d5 {[%clk 00:03:23]  [%emt 00:00:58]} 20... Bf7 {
[%clk 00:05:44]  [%emt 00:00:02]} 21. d6 {[%clk 00:03:12]  [%emt 00:00:15]}
21... Nc8 {[%clk 00:05:24]  [%emt 00:00:22]} 22. Nb5 {
[%clk 00:03:04]  [%emt 00:00:10]} 22... a6 {[%clk 00:05:21]  [%emt 00:00:07]}
23. Nc7 {[%clk 00:02:54]  [%emt 00:00:14]} 23... Rb8 {
[%clk 00:05:22]  [%emt 00:00:02]} 24. Rfe1 {[%clk 00:02:11]  [%emt 00:00:45]}
24... Rxd6 {[%clk 00:04:31]  [%emt 00:00:54]} 25. Rxd6 {
[%clk 00:01:42]  [%emt 00:00:32]} 25... Nxd6 {[%clk 00:04:34]} 26. Re7 {
[%clk 00:01:28]  [%emt 00:00:17]} 26... Nf5 {[%clk 00:04:18]  [%emt 00:00:17]}
27. Rd7 {[%clk 00:01:28]  [%emt 00:00:05]} 27... Bxa2 {
[%clk 00:03:58]  [%emt 00:00:23]} 28. Nd5 {[%clk 00:00:57]  [%emt 00:00:32]}
28... b6 {[%clk 00:03:31]  [%emt 00:00:32]} 29. Ne7+ {
[%clk 00:00:53]  [%emt 00:00:07]} 29... Nxe7 {[%clk 00:03:31]  [%emt 00:00:03]}
30. Rxe7 {[%clk 00:00:55]  [%emt 00:00:02]} 30... a5 {
[%clk 00:03:28]  [%emt 00:00:06]} 31. Kf2 {[%clk 00:00:43]  [%emt 00:00:15]}
31... a4 {[%clk 00:03:24]  [%emt 00:00:07]} 32. Ra7 {
[%clk 00:00:38]  [%emt 00:00:08]} 32... b5 {[%clk 00:03:25]  [%emt 00:00:03]}
33. Rb7 {[%clk 00:00:35]  [%emt 00:00:06]} 33... Rxb7 {
[%clk 00:03:26]  [%emt 00:00:02]} 34. Bxb7 {[%clk 00:00:36]  [%emt 00:00:01]}
34... b4 {[%clk 00:03:06]  [%emt 00:00:23]} 35. Ke3 {
[%clk 00:00:34]  [%emt 00:00:05]} 35... a3 {[%clk 00:03:08]  [%emt 00:00:02]}
36. bxa3 {[%clk 00:00:29]  [%emt 00:00:08]} 36... b3 {
[%clk 00:02:58]  [%emt 00:00:13]} 37. Kd2 {[%clk 00:00:17]  [%emt 00:00:15]}
37... b2 {[%clk 00:03:00]  [%emt 00:00:01]} 38. Be4 {
[%clk 00:00:18]  [%emt 00:00:02]} 38... b1=Q {[%clk 00:03:00]  [%emt 00:00:03]}
39. Bxb1 {[%emt 00:00:02]} 39... Bxb1 {[%emt 00:00:01]} 40. a4 {
[%clk 00:00:12]  [%emt 00:00:06]} 40... Be4 {[%clk 00:03:01]  [%emt 00:00:01]}
41. g3 {[%clk 00:00:13]  [%emt 00:00:02]} 41... Kf7 {[%clk 00:03:03]} 0-1

[Event "II Open Internacional Blitz Quart de Pob"]
[Site "Quart de Poblet, Spain"]
[Date "2019.08.10"]
[Round "5.1"]
[White "Granero Roca, Antonio"]
[Black "Plaskett, H James"]
[Result "1-0"]
[WhiteElo "2393"]
[BlackElo "2474"]
[PlyCount "133"]
[EventDate "2019.??.??"]

1. d4 {[%clk 00:07:05]} 1... Nf6 {[%clk 00:07:05]} 2. c4 {[%clk 00:07:06]} 2...
e6 {[%clk 00:07:07]  [%emt 00:00:04]} 3. Nf3 {[%clk 00:07:07]} 3... b6 {
[%clk 00:07:09]} 4. g3 {[%clk 00:07:07]  [%emt 00:00:05]} 4... Ba6 {
[%clk 00:07:11]} 5. b3 {[%clk 00:07:08]  [%emt 00:00:05]} 5... d5 {
[%clk 00:07:09]  [%emt 00:00:08]} 6. cxd5 {[%clk 00:07:05]} 6... exd5 {
[%clk 00:07:09]  [%emt 00:00:13]} 7. Bg2 {[%clk 00:07:07]} 7... Bb4+ {
[%clk 00:07:04]} 8. Bd2 {[%clk 00:07:07]  [%emt 00:00:05]} 8... Bd6 {
[%clk 00:06:44]  [%emt 00:00:18]} 9. O-O {[%clk 00:07:06]  [%emt 00:00:11]}
9... O-O {[%clk 00:06:45]} 10. Bg5 {[%clk 00:06:58]  [%emt 00:00:07]} 10... Re8
{[%clk 00:06:43]  [%emt 00:00:05]} 11. Nc3 {[%clk 00:06:55]  [%emt 00:00:09]}
11... c6 {[%clk 00:06:22]  [%emt 00:00:21]} 12. a3 {
[%clk 00:06:17]  [%emt 00:00:41]} 12... Nbd7 {[%clk 00:06:15]  [%emt 00:00:10]}
13. Qc2 {[%clk 00:06:14]  [%emt 00:00:06]} 13... h6 {
[%clk 00:06:06]  [%emt 00:00:11]} 14. Bf4 {[%clk 00:06:11]  [%emt 00:00:07]}
14... Bf8 {[%clk 00:05:44]  [%emt 00:00:24]} 15. Rfe1 {
[%clk 00:06:03]  [%emt 00:00:11]} 15... Rc8 {[%clk 00:05:21]  [%emt 00:00:26]}
16. Qb2 {[%clk 00:05:55]  [%emt 00:00:12]} 16... c5 {
[%clk 00:05:03]  [%emt 00:00:20]} 17. Rad1 {[%clk 00:05:45]  [%emt 00:00:13]}
17... Qe7 {[%clk 00:04:20]  [%emt 00:00:46]} 18. a4 {
[%clk 00:05:14]  [%emt 00:01:49]} 18... Bb7 {[%clk 00:03:15]} 19. Nb5 {
[%clk 00:05:07]  [%emt 00:00:06]} 19... Ne4 {[%clk 00:02:28]  [%emt 00:00:51]}
20. Nxa7 {[%clk 00:05:00]  [%emt 00:00:15]} 20... Ra8 {[%clk 00:02:23]} 21. Nb5
{[%clk 00:05:02]} 21... g5 {[%clk 00:02:25]  [%emt 00:00:04]} 22. Be3 {
[%clk 00:04:41]  [%emt 00:00:21]} 22... Rac8 {[%clk 00:02:25]  [%emt 00:00:05]}
23. Nd2 {[%clk 00:03:27]  [%emt 00:01:15]} 23... Nef6 {
[%clk 00:02:08]  [%emt 00:00:20]} 24. h3 {[%clk 00:03:14]  [%emt 00:00:15]}
24... Bg7 {[%clk 00:02:10]  [%emt 00:00:11]} 25. Qb1 {[%clk 00:03:10]} 25...
Ba6 {[%clk 00:02:07]  [%emt 00:00:07]} 26. Qf5 {
[%clk 00:03:02]  [%emt 00:00:08]} 26... Qe6 {[%clk 00:02:02]  [%emt 00:00:08]}
27. Qxe6 {[%clk 00:02:57]  [%emt 00:00:09]} 27... Rxe6 {[%clk 00:02:04]} 28.
Nf3 {[%clk 00:02:37]  [%emt 00:00:23]} 28... c4 {
[%clk 00:01:52]  [%emt 00:00:15]} 29. bxc4 {[%clk 00:02:32]  [%emt 00:00:08]}
29... Rxc4 {[%clk 00:01:53]  [%emt 00:00:05]} 30. Ra1 {
[%clk 00:02:11]  [%emt 00:00:20]} 30... Ne4 {[%clk 00:01:50]  [%emt 00:00:06]}
31. Nd2 {[%clk 00:02:02]  [%emt 00:00:11]} 31... Nxd2 {
[%clk 00:01:31]  [%emt 00:00:24]} 32. Bxd2 {[%clk 00:02:04]  [%emt 00:00:05]}
32... Nf6 {[%clk 00:01:13]  [%emt 00:00:17]} 33. e3 {
[%clk 00:01:56]  [%emt 00:00:10]} 33... Ne4 {[%clk 00:01:03]  [%emt 00:00:14]}
34. Red1 {[%clk 00:01:55]  [%emt 00:00:06]} 34... Rec6 {
[%clk 00:00:57]  [%emt 00:00:07]} 35. Be1 {[%clk 00:01:51]  [%emt 00:00:07]}
35... Bf8 {[%clk 00:00:55]  [%emt 00:00:06]} 36. Bf1 {
[%clk 00:01:38]  [%emt 00:00:14]} 36... Rc2 {[%clk 00:00:53]  [%emt 00:00:06]}
37. Bd3 {[%clk 00:01:38]  [%emt 00:00:05]} 37... Rb2 {[%clk 00:00:55]} 38. Rdb1
{[%clk 00:01:34]  [%emt 00:00:06]} 38... Rxb1 {[%clk 00:00:48]  [%emt 00:00:11]
} 39. Rxb1 {[%clk 00:01:36]} 39... Nd6 {[%clk 00:00:36]  [%emt 00:00:15]} 40.
Bf1 {[%clk 00:01:33]  [%emt 00:00:06]} 40... Nc4 {[%clk 00:00:38]} 41. Nc3 {
[%clk 00:01:25]  [%emt 00:00:13]} 41... Rd6 {[%clk 00:00:30]  [%emt 00:00:10]}
42. Bg2 {[%clk 00:01:15]  [%emt 00:00:13]} 42... Bb7 {
[%clk 00:00:31]  [%emt 00:00:06]} 43. Nb5 {[%clk 00:00:59]  [%emt 00:00:21]}
43... Rd7 {[%clk 00:00:32]} 44. Bb4 {[%clk 00:01:01]} 44... Bxb4 {
[%clk 00:00:25]  [%emt 00:00:06]} 45. Rxb4 {[%clk 00:01:03]} 45... Kf8 {
[%clk 00:00:27]  [%emt 00:00:07]} 46. Nc3 {[%clk 00:01:05]} 46... Bc6 {
[%clk 00:00:23]  [%emt 00:00:06]} 47. Nxd5 {[%clk 00:01:01]  [%emt 00:00:04]}
47... Bxd5 {[%clk 00:00:24]  [%emt 00:00:07]} 48. Bxd5 {[%clk 00:01:03]} 48...
Nxe3 {[%clk 00:00:26]} 49. fxe3 {[%clk 00:01:05]} 49... Rxd5 {
[%clk 00:00:28]  [%emt 00:00:08]} 50. Rxb6 {[%clk 00:01:08]} 50... Kg7 {
[%clk 00:00:24]} 51. Rb5 {[%clk 00:01:08]  [%emt 00:00:04]} 51... Rd8 {
[%clk 00:00:25]} 52. a5 {[%clk 00:01:10]} 52... Kg6 {
[%clk 00:00:24]  [%emt 00:00:05]} 53. a6 {[%clk 00:01:12]} 53... Ra8 {
[%clk 00:00:26]  [%emt 00:00:04]} 54. Ra5 Ra7 55. Kf2 {[%clk 00:01:17]} 55...
f5 {[%clk 00:00:31]} 56. Kf3 {[%clk 00:01:19]  [%emt 00:00:04]} 56... Kf6 {
[%clk 00:00:33]} 57. g4 {[%clk 00:01:20]} 57... fxg4+ {
[%clk 00:00:34]  [%emt 00:00:05]} 58. hxg4 {[%clk 00:01:23]} 58... Kg6 {
[%clk 00:00:26]  [%emt 00:00:07]} 59. Ke4 {[%clk 00:01:22]  [%emt 00:00:09]}
59... h5 {[%clk 00:00:28]} 60. gxh5+ {[%clk 00:01:22]} 60... Kxh5 {
[%clk 00:00:30]} 61. Kf3 {[%clk 00:01:16]  [%emt 00:00:13]} 61... Kh4 {
[%clk 00:00:30]  [%emt 00:00:04]} 62. Kg2 {[%clk 00:01:17]} 62... Kg4 {
[%clk 00:00:31]} 63. e4 {[%clk 00:01:09]  [%emt 00:00:09]} 63... Kf4 {
[%clk 00:00:33]  [%emt 00:00:07]} 64. e5 {[%clk 00:01:11]} 64... g4 {
[%clk 00:00:17]  [%emt 00:00:16]} 65. e6 {[%clk 00:01:13]} 65... Rc7 {
[%clk 00:00:19]  [%emt 00:00:06]} 66. a7 {[%clk 00:01:08]  [%emt 00:00:15]}
66... Rc2+ {[%clk 00:00:20]} 67. Kf1 {[%clk 00:01:05]} 1-0

[Event "II Open Internacional Blitz Quart de Pob"]
[Site "Quart de Poblet, Spain"]
[Date "2019.08.10"]
[Round "5.2"]
[White "Kovacevic, Slobodan"]
[Black "Ballester Llagaria, Luis Eduardo"]
[Result "1-0"]
[WhiteElo "2395"]
[BlackElo "2291"]
[PlyCount "85"]
[EventDate "2019.??.??"]

1. d4 {[%clk 00:07:03]  [%emt 00:00:30]} 1... d5 {[%clk 00:07:05]} 2. Bf4 {
[%clk 00:07:05]} 2... Nf6 {[%clk 00:07:07]} 3. e3 {[%clk 00:07:07]} 3... c5 {
[%clk 00:07:10]} 4. c3 {[%clk 00:07:09]} 4... Nc6 {[%clk 00:07:12]} 5. Nd2 {
[%clk 00:07:12]} 5... Qb6 {[%clk 00:07:12]} 6. Qb3 {[%clk 00:07:14]} 6... c4 {
[%clk 00:07:14]} 7. Qc2 {[%clk 00:07:16]} 7... Bg4 {[%clk 00:07:16]} 8. e4 {
[%clk 00:07:08]  [%emt 00:00:04]} 8... e6 {[%clk 00:07:10]  [%emt 00:00:05]} 9.
Bg5 {[%clk 00:06:44]  [%emt 00:00:25]} 9... Be7 {
[%clk 00:06:31]  [%emt 00:00:41]} 10. Bxf6 {[%clk 00:06:36]  [%emt 00:00:19]}
10... Bxf6 {[%clk 00:06:24]  [%emt 00:00:05]} 11. Be2 {
[%clk 00:06:38]  [%emt 00:00:04]} 11... Bxe2 {[%clk 00:05:51]  [%emt 00:00:31]}
12. Nxe2 {[%clk 00:06:40]  [%emt 00:00:12]} 12... O-O {[%clk 00:05:44]} 13. O-O
{[%clk 00:06:29]  [%emt 00:00:13]} 13... Qc7 {[%clk 00:05:43]  [%emt 00:00:39]}
14. exd5 {[%clk 00:06:19]} 14... exd5 {[%clk 00:05:43]} 15. Rfe1 {
[%clk 00:06:19]} 15... g6 {[%clk 00:05:20]  [%emt 00:00:09]} 16. Nf1 {
[%clk 00:06:20]  [%emt 00:00:23]} 16... b5 {[%clk 00:05:09]  [%emt 00:00:11]}
17. a3 {[%clk 00:06:22]} 17... a5 {[%clk 00:05:10]} 18. Ne3 {[%clk 00:06:22]}
18... Rad8 {[%clk 00:05:05]  [%emt 00:00:04]} 19. g3 {
[%clk 00:06:17]  [%emt 00:00:03]} 19... Bg5 {[%clk 00:05:00]  [%emt 00:00:05]}
20. Ng2 {[%clk 00:06:14]  [%emt 00:00:13]} 20... Rfe8 {
[%clk 00:04:49]  [%emt 00:00:13]} 21. h4 {[%clk 00:06:15]} 21... Bh6 {
[%clk 00:04:46]  [%emt 00:00:13]} 22. h5 {[%clk 00:06:15]  [%emt 00:00:04]}
22... Qd7 {[%clk 00:04:34]  [%emt 00:00:06]} 23. hxg6 {
[%clk 00:06:08]  [%emt 00:00:11]} 23... hxg6 {[%clk 00:04:35]  [%emt 00:00:04]}
24. Nh4 {[%clk 00:06:08]} 24... Qg4 {[%clk 00:04:30]  [%emt 00:00:11]} 25. Ng2
{[%clk 00:05:47]  [%emt 00:00:19]} 25... Qf3 {[%clk 00:04:07]  [%emt 00:00:26]}
26. Nef4 {[%clk 00:05:40]  [%emt 00:00:12]} 26... Bg7 {
[%clk 00:03:21]  [%emt 00:00:48]} 27. Nh4 {[%clk 00:04:57]  [%emt 00:00:45]}
27... Qg4 {[%clk 00:03:00]  [%emt 00:00:24]} 28. Nhg2 {
[%clk 00:04:08]  [%emt 00:00:52]} 28... Qf3 {[%clk 00:02:55]  [%emt 00:00:10]}
29. Rxe8+ {[%clk 00:03:54]  [%emt 00:00:15]} 29... Rxe8 {
[%clk 00:02:57]  [%emt 00:00:09]} 30. Re1 {[%clk 00:03:56]} 30... Rd8 {
[%clk 00:01:50]  [%emt 00:01:05]} 31. Nxg6 {[%clk 00:03:34]  [%emt 00:00:23]}
31... fxg6 {[%clk 00:01:30]  [%emt 00:00:24]} 32. Qxg6 {
[%clk 00:03:37]  [%emt 00:00:03]} 32... Rf8 {[%clk 00:00:37]  [%emt 00:00:53]}
33. Nf4 {[%clk 00:03:38]  [%emt 00:00:11]} 33... Nd8 {
[%clk 00:00:29]  [%emt 00:00:04]} 34. Re7 {[%clk 00:03:35]  [%emt 00:00:09]}
34... Rf7 {[%clk 00:00:23]  [%emt 00:00:05]} 35. Re8+ {
[%clk 00:02:32]  [%emt 00:01:03]} 35... Rf8 {[%clk 00:00:25]} 36. Re7 {
[%clk 00:02:10]  [%emt 00:00:59]} 36... Rf7 {[%clk 00:00:27]} 37. Re5 {
[%clk 00:02:12]} 37... Qd1+ {[%clk 00:00:15]} 38. Kg2 {[%clk 00:02:13]} 38...
Qc1 {[%clk 00:00:10]} 39. Rxd5 {[%emt 00:00:15]} 39... Rf8 {
[%clk 00:00:09]  [%emt 00:00:05]} 40. Rd7 {[%clk 00:01:41]  [%emt 00:00:24]}
40... Nf7 {[%clk 00:00:05]} 41. Rd5 {[%clk 00:01:27]  [%emt 00:00:17]} 41...
Qe1 {[%clk 00:00:07]  [%emt 00:00:11]} 42. Rh5 {[%clk 00:01:27]} 42... Qe4+ {
[%clk 00:00:07]} 43. Qxe4 {[%emt 00:00:27]} 1-0

[Event "II Open Internacional Blitz Quart de Pob"]
[Site "Quart de Poblet, Spain"]
[Date "2019.08.10"]
[Round "5.3"]
[White "Castella Garcia, Fausto"]
[Black "Diaz Velandia, Jose Manuel"]
[Result "1-0"]
[WhiteElo "2279"]
[BlackElo "2377"]
[PlyCount "52"]
[EventDate "2019.??.??"]

1. e4 {[%clk 00:07:05]} 1... c6 {[%clk 00:07:03]  [%emt 00:00:10]} 2. Nc3 {
[%clk 00:07:07]} 2... d5 {[%clk 00:07:04]} 3. Nf3 {[%clk 00:07:10]} 3... dxe4 {
[%clk 00:07:05]} 4. Nxe4 {[%clk 00:07:11]  [%emt 00:00:31]} 4... Nf6 {
[%clk 00:07:06]} 5. Qe2 {[%clk 00:07:13]} 5... Nxe4 {
[%clk 00:07:06]  [%emt 00:00:15]} 6. Qxe4 {[%clk 00:07:14]} 6... Qd5 {
[%clk 00:07:07]} 7. Qf4 {[%clk 00:07:09]} 7... Qf5 {[%clk 00:07:00]} 8. Qe3 {
[%clk 00:06:54]  [%emt 00:00:05]} 8... Qxc2 {[%clk 00:06:32]  [%emt 00:00:30]}
9. Bd3 {[%clk 00:06:54]  [%emt 00:00:04]} 9... Qa4 {
[%clk 00:06:33]  [%emt 00:00:09]} 10. b3 {[%clk 00:06:49]  [%emt 00:00:03]}
10... Qa5 {[%clk 00:06:17]  [%emt 00:00:16]} 11. O-O {
[%clk 00:06:33]  [%emt 00:00:21]} 11... e6 {[%clk 00:06:11]  [%emt 00:00:13]}
12. Bb2 {[%clk 00:06:33]} 12... Nd7 {[%clk 00:06:03]  [%emt 00:00:13]} 13. Rfe1
{[%clk 00:06:18]  [%emt 00:00:12]} 13... Nf6 {[%clk 00:05:43]  [%emt 00:00:22]}
14. Ne5 {[%clk 00:06:04]  [%emt 00:00:17]} 14... Bd7 {
[%clk 00:04:40]  [%emt 00:01:07]} 15. Bc4 {[%clk 00:04:40]  [%emt 00:01:28]}
15... Nd5 {[%clk 00:02:09]  [%emt 00:02:33]} 16. Qf3 {
[%clk 00:03:38]  [%emt 00:01:04]} 16... Nf6 {[%clk 00:02:10]  [%emt 00:00:47]}
17. Qh3 {[%clk 00:02:57]  [%emt 00:00:04]} 17... Ba3 {
[%clk 00:00:26]  [%emt 00:01:42]} 18. Bc3 {[%clk 00:01:47]  [%emt 00:01:13]}
18... Qc7 {[%clk 00:00:28]} 19. b4 {[%clk 00:01:16]  [%emt 00:00:37]} 19... a5
{[%clk 00:00:08]  [%emt 00:00:21]} 20. Nxf7 {[%clk 00:01:00]  [%emt 00:00:25]}
20... Kxf7 {[%clk 00:00:09]} 21. Bxe6+ {[%clk 00:01:02]} 21... Bxe6 {
[%clk 00:00:05]  [%emt 00:00:11]} 22. Qxe6+ {[%clk 00:01:04]  [%emt 00:00:03]}
22... Kf8 {[%clk 00:00:07]} 23. Bxf6 {[%clk 00:01:01]  [%emt 00:00:03]} 23...
Qf7 {[%clk 00:00:07]} 24. Qd6+ {[%clk 00:00:32]  [%emt 00:00:30]} 24... Kg8 {
[%clk 00:00:09]  [%emt 00:00:03]} 25. Bc3 {[%clk 00:00:31]  [%emt 00:00:05]}
25... Bxb4 {[%clk 00:00:07]  [%emt 00:00:14]} 26. Re7 {[%clk 00:00:30]} 26...
Qf5 {[%clk 00:00:07]} 1-0